000 00263 a2200097 4500
001 59880
100 _a
245 _aBuilt To Serve; How to Drive the Bottom Line with People-First Practices
260 _aNew Delhi
_bTata McGraw Hill
_c2008
090 _c36715
_d36715
942 _aNUST-CAE
_c
_c29686
999 _c294953
_d294953